01484nam a2200193 a 4500001001000000003000900010005001700019007000300036008004100039020001500080040002500095082002500120100002100145245004600166260005900212300002100271500005300292505094500345000047501DO-SdBNP20240925135836.0ta180608s1984 dr 000 spa d a9681678327 aDO-SdBNPbspacBNPHU 4222bG557ca972.930541 aGleijeses, Piero13aLa crisis Dominicana. /cPiero Gleijeses. aMéxico, D.F. :bFondo de Cultura Económica,c1984. a470 p. ;c24 cm. aLa biblioteca posee la 1ra. reimprsión de 1985 aBosquejo de la historia dominicana desde el Descubrimiento hasta la muerte de Trujillo (30-V-1961) 15|Nicaraguización o democratización? desde la muerte de Trujillo (30-V-1961) hasta el establecimiento del segundo Consejo de Estado (18-I-1962) 44|El gobierno provisional del Consejo de Estado (18-I-1962 / 25-IX-1963) y el gobierno Constitucional de Juan Bosch 77|El Triunvirato (25-IX-1963 / 24-IV-1965) 118|El contragolpe (24-IV-1965, de mediodía a medianoche) 168|Del contragolpe a la guerra civil (25-IV-1965, desde medianoche a las cuatro de la tarde) 184|El balance de fuerzas al comienzo de la guerra civil (La noche del 25 de abril) 203|La guerra civil (hasta el amanecer del 27 de abril) 226|Fracasa la jugada de San Isidro (Del amanecer del 27 de abril a la tarde del 28 de abril) 243|El triunfo del poder (La solución de la crisis. Su secuela inmediata: el Gobierno provisional de García Godoy) 261|La Pax Americana 261